Państwa graniczące z Strefą Euro - Statystyki

Ogólne statystyki
  • Ten quiz został rozwiązany 37 razy
  • Średni wynik to 15 z 21
Statystyki odpowiedzi
Państwo % Poprawnych
Polska
91%
Rosja
88%
Turcja
88%
Serbia
84%
Ukraina
84%
Albania
81%
Szwecja
81%
Norwegia
78%
Węgry
75%
Wielka Brytania
75%
Białoruś
72%
Czechy
72%
Szwajcaria
72%
Bośnia i Hercegowina
69%
Bułgaria
69%
Dania
63%
Macedonia Północna
63%
Liechtenstein
59%
Maroko
56%
Brazylia
38%
Surinam
31%
Nie znaleziono quizów pasujących do podanych kryteriów
Rozkład punktacji
Procent ludzi z każdym wynikiem
Percentyl według liczby udzielonych odpowiedzi
Twoja historia wyników
Nie rozwiązałeś tego quizu